Miesto a význam základných hodnôt sudcovskej etiky v predpokladoch pre výkon funkcie sudcu

Predložený príspevok sa zameriava na predpoklady potrebné pre vymenovanie a riadny výkon funkcie sudcu tak ako sú ustanovené v podmienkach Slovenskej republiky. Okrem všeobecných predpokladov sa bližšie orientuje na predpoklady sudcovskej spôsobilosti, ktoré dávajú záruku, že funkciu sudcu bude vyko...

ver descrição completa

Na minha lista:
Detalhes bibliográficos
Autor principal: Puziová, Kristína
Outros Autores: Šoltys, Dominik
Formato: Capítulo de Livro
Idioma:eslovaco
Assuntos:
Tags: Adicionar Tag
Sem tags, seja o primeiro a adicionar uma tag!

MARC

LEADER 00000naa a2200000 4500
001 0299082
005 20251204130059.4
041 0 |a slo 
044 |a SK 
245 1 0 |a Miesto a význam základných hodnôt sudcovskej etiky v predpokladoch pre výkon funkcie sudcu  |c Kristína Puziová, Dominik Šoltys 
520 |a Predložený príspevok sa zameriava na predpoklady potrebné pre vymenovanie a riadny výkon funkcie sudcu tak ako sú ustanovené v podmienkach Slovenskej republiky. Okrem všeobecných predpokladov sa bližšie orientuje na predpoklady sudcovskej spôsobilosti, ktoré dávajú záruku, že funkciu sudcu bude vykonávať riadne. V tomto zmysle popisuje a skúma obsah pojmov morálny štandard a integrita sudcu s apelom na ich hodnotovú stránku profesijnej etiky sudcu. 
610 2 0 |a sudcovia 
610 2 0 |a súdnictvo 
610 2 0 |a etika 
610 2 0 |a morálka 
610 2 0 |a kódexy etické 
610 2 0 |a hodnoty ľudské 
100 1 |a Puziová, Kristína 
700 1 |a Šoltys, Dominik